00966cam a22002651 45000010005000000030006000050050017000110080041000280100017000690200018000860400046001040500015001500820012001651000034001772450096002112600040003073000042003474900033003895050007004225200147004295210019005765210018005956500050006137000037006634252FISKH20240710140926.0781019s1966 tnua j 000 1 eng  a 66006191  a9780142408902 aDLCcWPlaUdOCoLCdODaWUdOCoLCdDLCbeng00aPZ7.S68524 a813.54 1 aSobol, Donald J.,d1924-2012.10aEncyclopedia Brown finds the clues /cby Donald J. Sobol ; illustrated by Leonard Shortall. aNew York : bPuffin Books, c1966.  a96 pages : billustrations ; c20 cm  aEncyclopedia brown vBook 3  aO  aAmerica's Sherlock Holmes in sneakers continues his war on crime in ten more cases, the solutions to which are found in the back of the book. 8 a630 bLexile 8 aO bRaz-Plus  0aDetective and mystery stories.vChapter book 1 aShortall, Leonard.eillustrator